000 00401nam a2200133Ia 4500
008 220204s9999 xx 000 0 und d
020 _a4902045249
082 _a630*6(160.23)
_bITT
245 0 _aStatus of tropical forest management, 2005
260 _aJapan
_bInternational Tropical Timber Organization
_c2006
490 _a ITTO Technical Series No. 24
650 _aForest management
942 _cBK
999 _c44252
_d44252